000 00376 a2200145 4500
005 20250530153929.0
008 250530b |||||||| |||| 00| 0 eng d
020 _a9788171853038
041 _aMarathi
100 _aBedekar V.
_9118669
245 _aएक झाड आणि दोन पक्षी
260 _bPopular Prakashan
_c2012
300 _a315
942 _cBK
999 _c365171
_d365171